Odtajnené trezory slov III

Bibliographic Details
Main Author: Ondruš, Šimon, 1924-2011 (Author)
Format: Book
Language:Slovak
PhysicalDescription:230 strán 21 cm
Published: Martin Matica slovenská 2004
ISBN:8070907622
Edition:1. vyd.
Series:Knižnica Slovenských pohľadov
Subjects:

MARC

LEADER 00000cam a2200000 a 4500
001 vtls001492867
003 SK-MaSNL
005 20260302073815.0
008 220509s2004 xo frn 001 0 slo
015 |a SNBA2005/05-01755 
020 |a 8070907622  |q (viazané) 
035 |a urn:nbn:sk:snk-am00gghl 
035 |a urn:nbn:sk:snk-am3j3vm 
035 |a BF30865A-E76A-4C1D-8252-39747C83495E 
040 |a SNK  |b slo  |c SNK  |e AACR2 
041 0 |a slo 
044 |a xo  |c SK 
072 7 |a 81  |x Jazykoveda. Jazyky  |2 konspekt 
072 7 |a 811.162.4  |x Slovenčina  |2 konspekt 
080 |a 811.16  |2 1997 
080 |a (048.8)  |2 1997 
080 |a 811.162.4  |2 1997 
080 |a 81`373.6  |2 1997 
080 |a 811.162.4  |2 2011 
080 |a 811.16  |2 2011 
080 |a 81`373.6  |2 2011 
080 |a (048.8)  |2 2011 
100 1 |a Ondruš, Šimon,  |d 1924-2011  |4 aut  |9 170117 
245 1 0 |a Odtajnené trezory slov  |c Šimon Ondruš  |n III 
250 |a 1. vyd. 
260 |a Martin  |b Matica slovenská  |c 2004 
300 |a 230 strán  |c 21 cm 
490 1 |a Knižnica Slovenských pohľadov  |v zv. 8 
500 |a Ilustrácia na rozloženej titulnej strane 
504 |a Obsahuje register 
650 0 7 |a slovenčina  |2 SNKPH  |9 1350 
650 0 7 |a etymológia  |2 SNKPH  |9 16982 
650 0 7 |a slovanské jazyky  |2 SNKPH  |9 1338 
655 7 |a štúdie  |2 SNKPH  |9 57033 
830 0 |a Knižnica Slovenských pohľadov  |9 301337 
919 |a 80-7090-762-2 
958 |a TL 
958 |a NB 
958 |a OND 
999 |c 1162483  |d 1164413 
952 |a SNK  |b SNK  |y PREZ  |7 0  |p 17A0457697  |o snkSC 110731/3  |i snk2005/2017  |8 0  |0 0  |1 0  |4 0  |d 2005-02-09  |f 1  |l 0  |r 2025-10-01 00:00:00  |w 2026-02-24 
952 |a SNK  |b SNK  |y VYP  |7 0  |p 17A0457698  |o snkSC 110731/3 D1  |i snk2005/2018  |8 0  |0 0  |1 0  |4 0  |d 2005-02-09  |l 0  |r 2026-02-24 20:38:08  |w 2026-02-24